00798cam a22002173a 45000010005000000030006000050050017000110080041000280400015000690420007000840500007000911000018000982450108001162600029002245000135002535060073003885160020004616530030004818300028005118560041005396603PGUSA20140828083134.0041001s2004||||xxu|||||s|||||000 | eng d aPGUSAbeng adc 4aKD1 aReilly, S. A.10aOur Legal Heritage :b600-1776 King Aethelbert - King George IIIh[electronic resource] /cS. A. Reilly bProject Gutenberg,c2004 aThis book has undergone multiple editions, and is available as Project Gutenberg eBook numbers 1694, 6603, 13376, 36299 and 40780. aCopyrighted. Read the copyright notice inside this book for details. aElectronic text aLaw -- England -- History 0aProject Gutenbergv660340uhttp://www.gutenberg.org/ebooks/6603